| 000 | nam a22 7a 4500 | ||
|---|---|---|---|
| 999 |
_c357722 _d357722 |
||
| 003 | IT-MiCISF | ||
| 005 | 20180108154501.0 | ||
| 008 | 180108b xxu||||| |||| 00| 0 eng d | ||
| 040 | _cIT-MiCISF | ||
| 041 | _ait | ||
| 100 |
_aBorgna Eugenio _956702 |
||
| 245 | _aLe passioni fragili | ||
| 260 |
_aMilano _bFeltrinelli _c2017 |
||
| 300 | _app. 238 | ||
| 500 | _apersona, dolore, sofferenza, adolescenza, salute-mentale, cultura, psichiatria | ||
| 520 | _aPerché gli adolescenti sono tristi? Da che cosa deriva il loro senso perenne di inadeguatezza nei confronti del mondo che li circonda? Come si articolano, e come si confrontano, esperienze psicopatologiche ed esperienze creative? Sappiamo riconoscere il valore umano della malattia? Queste e altre domande articolano la riflessione dell’A. sulle passioni fragili che appartengono alla nostra vita e alla nostra crescita, percorrendo il tema del dolore, della malattia dell’anima nell’infanzia e nell’adolescenza, ma distinguendo una condizione depressiva, che sarebbe meglio chiamare malinconia, o tristezza vitale, da quella che ha dimensioni psicopatologiche radicalmente più profonde. | ||
| 650 |
_apersona _956046 |
||
| 654 | _asaggio | ||
| 942 |
_2ddc _cBK |
||